000 00703nam a2200181Ia 4500
003 GCL
008 140319s9999 xx 000 0 ara d
040 _aGCL /
_cGCL
082 0 4 _a191
_bع ب
100 1 _aعبدالرحمن بدوى
245 1 0 _aالافلاطونية المحدثة عند العرب ابرقلس الخير المحض فى قدم العلم المسائل الطبيعية حرس معاذلة النفس افلاطون الرداد بيع /
_cعبدالرحمن بدوى
260 _a[S.N] :
_bوكالة المطبوعات ،
_c1977
300 _a272
490 _a
650 0 4 _aالفلسفة الافلاطونية
650 0 4 _aالافلاطونية
942 _2ddc
_cBK
999 _c53650
_d53650